| 000 | 00518pam a2200193 a 4500 | ||
|---|---|---|---|
| 020 | _c795.00 | ||
| 040 | _aMedical College Lib. | ||
| 041 |
_aENG _hENG |
||
| 082 |
_a616.07 _bRAB |
||
| 100 | _aRaab, Stephen s. . | ||
| 245 |
_aYear Book of Pathology and Laboratory - 2003 / _c _hTextual Documents |
||
| 260 |
_a : _bMosby , _c2003. |
||
| 300 |
_a578 : _b11 ; _c . |
||
| 365 | _a795.00 | ||
| 653 |
_aPathology _aMedical Science |
||
| 930 | _a6452 | ||
| 999 |
_c6451 _d6451 |
||